LDR 00706naa#a2200169#i#450# 001 EN\\bibl\19504 005 20260516051119.6 100 ## _a20260515b2026####ek#y0engy0150####ca 102 ## _aRU 200 1# _aPRACTICE OF GROWING PLANTING MATERIAL WITH CONCRETE CROSSING USING VARIOUS TECHNOLOGIES _eConference article/thesis 210 1# _aVoronezh _cFSBE Institution of Higher Education Voronezh State University of Forestry and Technologies named after G.F. Morozov _d2026 215 ## _a5 с. 608 ## _aConference article/thesis _2local 675 ## _aУсловия существования растений. 630.181 _z 700 #1 _aShovkun _gViktoriya Aleksandrovna 700 #1 _aTseplyaev _gAleksey N. 856 4# _abibl.vgltu.ru _u